Out-Line History of English Literature (Record no. 61305)
[ view plain ]
| 000 -LEADER | |
|---|---|
| fixed length control field | 00427nam a2200145Ia 4500 |
| 008 - FIXED-LENGTH DATA ELEMENTS--GENERAL INFORMATION | |
| fixed length control field | 211109s9999||||xx |||||||||||||| ||und|| |
| 082 ## - DEWEY DECIMAL CLASSIFICATION NUMBER | |
| Classification number | 820 |
| Item number | OTI-O |
| 100 ## - MAIN ENTRY--PERSONAL NAME | |
| Personal name | Otis, William Bradley |
| 245 #0 - TITLE STATEMENT | |
| Title | Out-Line History of English Literature |
| 260 ## - PUBLICATION, DISTRIBUTION, ETC. | |
| Name of publisher, distributor, etc. | Barnes |
| Place of publication, distribution, etc. | Delhi |
| Date of publication, distribution, etc. | 2008 |
| 300 ## - PHYSICAL DESCRIPTION | |
| Extent | 288p. |
| 630 ## - SUBJECT ADDED ENTRY--UNIFORM TITLE | |
| General subdivision | Post Graduate Reference |
| 650 ## - SUBJECT ADDED ENTRY--TOPICAL TERM | |
| Topical term or geographic name entry element | literature |
| 942 ## - ADDED ENTRY ELEMENTS (KOHA) | |
| Koha item type | BOOK |
| 650 ## - SUBJECT ADDED ENTRY--TOPICAL TERM | |
| Form subdivision | english and old english literatures |
| General subdivision | englishEnglish |
| Withdrawn status | Lost status | Source of classification or shelving scheme | Damaged status | Not for loan | Home library | Current library | Date acquired | Cost, normal purchase price | Total Checkouts | Full call number | Barcode | Shelving location | Date last seen | Price effective from | Koha item type |
|---|---|---|---|---|---|---|---|---|---|---|---|---|---|---|---|
| Dewey Decimal Classification | SB LIBRARY | SB LIBRARY | 09/11/2021 | 150.00 | 820 OTI-O | 00044796 | GENERAL STACK | 09/11/2021 | 09/11/2021 | BOOK |